000 01519nam a22002297a 4500
999 _c62167
_d62167
003 Ge_BSU
005 20240725160523.0
008 240725s2024 ge ||||| |||| 00| 0 geo d
041 _ageo
080 _a33 ბ52
100 _a ბერიძე, სოფიო
_922959
245 _a საგარეო ვალის მართვის თანამედროვე მიდგომები სასესხო კაპიტალის ბაზარზე /
_cსოფიო ბერიძე, სამეცნ.ხელმძღვ. ლელა ონიანი
264 _aბათუმი :
_bბათუმის შოთა რუსთაველის სახელმწიფო უნივერსიტეტი,
_c2024.
300 _a130 გვ.:
_bცხრ; დიაგრ;
_c30 სმ.
653 _aეკონომიკა
653 _aდისერტაცია
700 _aონიანი,ლელა
_eსამეცნიერო ხელმძღვანელი
_922960
711 _aბათუმის შოთა რუსთაველის სახელმწიფო უნივერსიტეტი
_922961
711 _aეკონომიკისა და ბიზნესის ფაკულტეტი
_922957
711 _aსაფინანსო, საბანკო და სადაზღვევო საქმის დეპარტამენტი
_922962
942 _2udc
_cDS